000 00288nam a2200121Ia 4500
005 20251222153524.0
008 251222s9999||||xx |||||||||||||| ||spa||
020 _a84-03-23062-1
082 _a370.19/D75
100 _a"Dienelt, Karl"
245 0 _aAntropología Pedagógica
942 _cLIB
999 _c29827
_d29827